00338nam a2200133Ia 4500008004100000041000800041082001400049100003000063245002800093250000800121260004700129300000600176650002200182230711s9999||||xx |||||||||||||| ||und|| aENG a624bBU-I aBureau of Indian Standard 0aIS : 2720 Pt XXIII 1976 a1st c1976aNew DelhibBureau of Indian Standard a6 aCivil Engineering